2022 Cincinnati Reds Roster w/ First Names - Statistics

General Stats
  • This quiz has been taken 20 times
  • The average score is 23 of 66
Answer Stats
First Last % Correct
Buck Farmer
93%
Kyle Farmer
93%
Joey Votto
93%
Jonathan India
87%
Aristides Aquino
80%
Alexis Diaz
80%
Hunter Greene
80%
Graham Ashcraft
73%
Spencer Steer
73%
Tyler Stephenson
67%
Stuart Fairchild
60%
Alejo Lopez
60%
Nick Senzel
60%
Fernando Cruz
53%
TJ Friedl
53%
Aramis Garcia
53%
Luis Castillo
47%
Ian Gibaut
47%
Colin Moran
47%
Mike Moustakas
47%
Chuckie Robinson
47%
Lucas Sims
47%
Donovan Solano
47%
Art Warren
47%
Albert Almora
40%
Jake Fraley
40%
Tyler Mahle
40%
Reiver Sanmartin
40%
Jose Barrero
33%
Daniel Duarte
33%
Vladimir Gutierrez
33%
Joel Kuhnel
27%
Derek Law
27%
Dauri Moreta
27%
Tommy Pham
27%
Tony Santillan
27%
Max Schrock
27%
Luis Cessa
20%
Brandon Drury
20%
Mark Kolozsvary
20%
Mike Minor
20%
Matt Reynolds
20%
Chase Anderson
13%
Ross Detwiler
13%
Justin Dunn
13%
Jeff Hoffman
13%
Nick Lodolo
13%
Tyler Naquin
13%
Chris Okey
13%
Connor Overton
13%
Michael Papierski
13%
JT Riddle
13%
Austin Romine
13%
Michael Siani
13%
Hunter Strickland
13%
Justin Wilson
13%
Ronnie Dawson
7%
Phillip Diehl
7%
Ryan Hendrix
7%
Taylor Motter
7%
Kyle Dowdy
0%
Robert Dugger
0%
Raynel Espinal
0%
Luke Farrell
0%
Jared Solomon
0%
T.J. Zeuch
0%
No matching quizzes found
Score Distribution
Percent of People with Each Score
Percentile by Number Answered
Your Score History
You have not taken this quiz